| 000 | 00652nam a2200229 i 4500 | ||
|---|---|---|---|
| 001 | bgj | ||
| 100 | 1 | _aBRINKERHOFF, David B. | |
| 245 | 1 | 0 |
_aSociology / _cDavid B. Brinkerhoff ; Lynn K. White. |
| 250 | _a2nd edition. | ||
| 260 |
_aSt. Paul : _bWest Publishing Company, _cc. 1988. |
||
| 300 |
_aXXIX, 652 pp : _bill. ; _c27 cm. |
||
| 504 | _aBibliography p. 615-640. | ||
| 505 | _aIncludes glossary and indexes. | ||
| 650 | 9 | _aSociology | |
| 700 | 1 |
_aWHITE, Lynn K. _eco-author |
|
| 020 | _a031462399X (hbk) | ||
| 040 | _cBPK | ||
| 041 | 0 | _aeng | |
| 920 | _a0-314-62399-X (hbk) | ||
| 942 | _cKS | ||
| 008 | s uk f |000 0 eng | ||
| 999 |
_c41361 _d41361 |
||
| 856 |
_uhttp://koha.tu.koszalin.pl/cgi-bin/koha/opac-detail.pl?biblionumber=41361 _yKatalog online BPK |
||